BIBLIOTECA PODER JUDICIAL
Portal Judicial TDF

Derecho internacional / (Registro nro. 464)

000 -LEADER
fixed length control field 00622nam a22001937a 4500
003 - CONTROL NUMBER IDENTIFIER
control field OSt
005 - DATE AND TIME OF LATEST TRANSACTION
control field 20180515081652.0
008 - FIXED-LENGTH DATA ELEMENTS--GENERAL INFORMATION
fixed length control field 180321b xxu||||| |||| 00| 0 spa d
020 ## - INTERNATIONAL STANDARD BOOK NUMBER
International Standard Book Number 9505723016
040 ## - CATALOGING SOURCE
Transcribing agency PJ
100 ## - ASIENTO PRINCIPAL - NOMBRE DE PERSONA
Personal name Conforti, Benedetto
9 (RLIN) 608
245 ## - MENCIÓN DE TÍTULO
Título propiamente dicho Derecho internacional /
Mención de responsabilidad, etc Benedetto Conforti; edición en español revisada y anotada por Raúl E. Vinuesa.
260 ## - PUBLICATION, DISTRIBUTION, ETC. (IMPRINT)
Place of publication, distribution, etc Buenos Aires :
Name of publisher, distributor, etc Zavalía,
Date of publication, distribution, etc 1995.
300 ## - DESCRIPCION FISICA
Extent 588 p.
Dimensions 23 cm.
504 ## - NOTA DE BIBLIOGRAFÍA, ETC.
Bibliography, etc Bibliografía: p. 521-566.
650 #0 - ASIENTO SECUNDARIO DE MATERIA - TERMINO TEMATICO
9 (RLIN) 495
Topical term or geographic name as entry element DERECHO INTERNACIONAL
700 ## - ADDED ENTRY--PERSONAL NAME
9 (RLIN) 600
Personal name Vinuesa, Raúl Emilio
942 ## - ADDED ENTRY ELEMENTS (KOHA)
Source of classification or shelving scheme
Koha item type Libros
Classification part 341.01
Item part CON
Existencias
Withdrawn status Lost status Source of classification or shelving scheme Damaged status Not for loan Permanent Location Current Location Date acquired Full call number Barcode Date last seen Price effective from Koha item type
          Biblioteca Poder Judicial Sur Biblioteca Poder Judicial Sur 2018-05-14 341.01 CON 3254 2023-07-05 2018-05-14 Libros

12 de Octubre 789 Ushuaia - Tel:  54(02901)441571
Horario de Atención: 8.00 a 17.00 hs. 
bibliotecaush@justierradelfuego.gov.ar
koha@justierradelfuego.gov.ar
Seguinos en nuestras redes @bibliojustdf 

Con tecnología Koha